Um mundo melhor é necessário e é possível : contributos educacionais /

Gorde:
Xehetasun bibliografikoak
Egile nagusia: Viegas Fernandes, João (autor)
Beste egile batzuk: Tomaz, Mónica (autor) (autor), Vasconcelos Saliba, Alcyone (prefacio) (prefacio), Lucio-Villegas Ramos, Emilio (prefacio) (prefacio)
Formatua: Liburua
Hizkuntza:portugesa
Argitaratua: Lisboa, Portugal : Plátano Edições Técnicas, 2002, c2002
Saila:(Aula Prática)
Gaiak:
Etiketak: Etiketa erantsi
Etiketarik gabe, Izan zaitez lehena erregistro honi etiketa jartzen!

MARC

LEADER 00000nam^a2200000^a^4500
001 000391134
005 20250521000000.0
009 20260310121207.61
020 |a 972-707-365-4 
037 |a Acervo ITESO - Biblioteca 
041 |a POR 
082 |a 303. 4  |b VIE 
100 |a Viegas Fernandes, João  |e (autor) 
245 1 3 |a Um mundo melhor é necessário e é possível :  |b contributos educacionais /  |c J. Viegas Fernandes, M. Tomaz ; pref. de A. Vasconcelos Saliba, E. Lucio-Villegas Ramos. 
264 4 |a Lisboa, Portugal :  |b Plátano Edições Técnicas,  |c 2002, c2002 
300 |a 124 p. 
336 |a texto  |b txt  |2 rdacontenido 
337 |a sin mediación  |b n  |2 rdamedio 
338 |a volumen  |b nc  |2 rdasoporte 
440 1 |a (Aula Prática) 
561 |a Obra autografiada por los autores para Carlos Núñez Hurtado 
649 |a XX 
650 |a Delincuencia -  |z Portugal 
650 |a Violencia Escolar -  |z Portugal 
650 |a Violencia -  |z Portugal 
650 |a No Violencia -  |z Portugal 
650 |a Desarrollo Sustentable 
650 |a Globalización 
650 |a Cambios Sociales y Culturales -  |x Tema Principal 
650 |a Integración Social 
650 |a Igualdad y Desigualdad 
650 |a Derechos Humanos 
650 |a Conservación y Protección Ambiental 
650 |a Ecología 
650 |a Tecnologías de Comunicación e Información 
650 |a Comunicación Masiva 
650 |a Educación Ambiental 
650 |a Educación para la Paz 
650 |a Sociología de la Educación 
700 |a Tomaz, Mónica  |e (autor) 
700 |a Vasconcelos Saliba, Alcyone  |e (prefacio) 
700 |a Lucio-Villegas Ramos, Emilio  |e (prefacio) 
910 |a Fondo Carlos Núñez Hurtado 
920 |a Impresos - Libros 
930 |a Fondos Especiales 
905 |a 117 
901 |a 0500286424  |b IT2  |c ESP  |i D80904  |u 20250521 
902 |a https://opac.biblio.iteso.mx/vufind/Record/000391134